01903nam a2200313 c 4500001001000000003000900010005001700019007000300036008004100039040003000080082001900110100005100129245019800180264004200378300005300420336002700473337003300500338002800533505014800561590002600709700006100735710005100796942001400847952013100861952021000992952012501202952024501327999001701572000032171DO-SdBNP20250204123856.0ta110713e1975 dr ahbc 000 e spa d aDO-SdBNPbspacBNPHUerda 4axxxbF385j2221 aFerreras, Ramón Alberto,eautor4aut.91129810aJayael (el hijo de Jaya) :bbrevísimo esbozo histórico acerca de Santa Ana del Rincón de San Francisco de Macorís /cFerreras Ramón Alberto ; prólogo, José Oscar Viñas Bonnelly. 1aSanto Domingo :bEditora UASD,c1975. a2 volumenes :bilustraciones, retratos ;c26 cm. atextobtxt2rdacontent asin mediaciónbn2rdamedia avolumenbnc2rdacarrier0 av.1--tDesde la orogénesis hasta el distrito pacificador --gv. 2--tDesde el distrito pacificador hasta la tercera ciudad de la República. aInventariado, 2024/BT aViñas Bonnelly, José Oscar,eprologuista4pr.9243842 aUniversidad Autónoma de Santo Domingo972951 2ddccLBS1 00102ddc51708PDaBNPHUbBNPHUcCTd2011-07-13l0oBNPHU PD F385p32171-10r2020-06-25tv.1w2020-06-25yLBS1ZNo se presta 00102ddc51708PDaBNPHUbBNPHUcCTd2011-07-13eDonaciónl0oBNPHU PD F385hp32171-20r2020-06-25tv.1, e. 2w2020-06-25yLBS1zPerteneció a la biblioteca personal de Bárbara Suncar.ZNo se presta 00102ddc51708PDaBNPHUbBNPHUcCTd2024-01-25l0oBNPHU DS F385hp2024-0442r2024-01-25tv.1, e.3w2024-01-25yLBS1 00102ddc56708DSaBNPHUbBNPHUcCTd2023-04-08eDonado por la Presidencia de la República Dominicana 2023.l0oBNPHU PD F385p2024-1924r2024-04-08tv.2w2024-04-08yLBS1zPerteneció a la biblioteca personal de Emilio Cordero Michel. c31662d31662